000 01482cam a2200409 i 4500
001 22831429
003 JO-AjAnu
005 20241020105350.0
008 221017s2022 nyu 000 0 eng d
010 _a 2022288680
015 _aGBC1I5693
_2bnb
016 7 _a020386953
_2Uk
020 _a9781617296765
_q(paperback)
020 _a1617296767
035 _a(OCoLC)on1285687010
040 _aUKMGB
_beng
_cUKMGB
_erda
_dOCLCF
_dOCLCO
_dBDX
_dOCLCO
_dDLC
_dJO-AjAnu
042 _alccopycat
050 0 0 _aQA76.9.N38
_bK63 2022
082 0 4 _a006.35
_223
100 1 _aKochmar, Ekaterina,
_eauthor.
245 1 0 _aGetting started with Natural Language Processing /
_cEkaterina Kochmar.
264 1 _aShelter Island, NY :
_bManning Publications,
_c2022.
300 _a430 pages ;
_c24 cm
336 _atext
_2rdacontent
337 _aunmediated
_2rdamedia
338 _avolume
_2rdacarrier
650 0 _aNatural language processing (Computer science)
650 0 _aPython (Computer program language)
650 2 _aNatural Language Processing
650 6 _aTraitement automatique des langues naturelles.
650 6 _aPython (Langage de programmation)
650 7 _aNatural language processing (Computer science)
_2fast
_0(OCoLC)fst01034365
650 7 _aPython (Computer program language)
_2fast
_0(OCoLC)fst01084736
906 _a7
_bcbc
_ccopycat
_d2
_encip
_f20
_gy-gencatlg
942 _2lcc
_cBK
_n0
999 _c33803
_d33803